| 000 | 00592nam a2200241 a 4500 | ||
|---|---|---|---|
| 001 | nice12345678 | ||
| 003 | IN_TiNIC | ||
| 005 | 20260116015045.0 | ||
| 008 | 050524s1994 dela grp 000 0 eng | ||
| 020 |
_a _c100 |
||
| 082 | 0 | 0 |
_a270.820954 _bPHI1 |
| 100 | _aPhilip, T V | ||
| 245 | _aEcumenism in Asia | ||
| 260 |
_aDelhi _bISPCK _c1994 |
||
| 300 | _a174p | ||
| 500 | _aincludes index and biblioraphy | ||
| 505 | 2 | _aBibliography, Notes, Acknowledgments, Index | |
| 650 | _aEcumenicalism-Asia | ||
| 700 | 1 | _aPhilip, T V | |
| 902 | _bSRS | ||
| 942 | _cBK | ||
| 999 |
_c18135 _d18135 |
||